| 000 | 00396nam a22001577a 4500 | ||
|---|---|---|---|
| 005 | 20180724151314.0 | ||
| 008 | 160613b xxu||||| |||| 00| 0 eng d | ||
| 041 | _aeng | ||
| 082 |
_b7283 _a658.3 |
||
| 100 |
_aMamoria, Dr. C.B.& Gankar. S.V _94609 |
||
| 245 | _aPersonal Management | ||
| 260 |
_bHIMALAYA PUBLISHING HOUSE _aMUMBAI |
||
| 300 | _a920p, | ||
| 650 |
_aManagement _9241 |
||
| 942 | _cBK | ||
| 999 |
_c2545 _d2544 |
||